| 000 | 00862 a2200205 4500 | ||
|---|---|---|---|
| 999 |
_c2985 _d2985 |
||
| 020 | _a904111209X (pbk. : alk. paper) | ||
| 050 | 0 | 0 | _aK3240.4 CRA 1999 |
| 100 | 1 | _aCrawshaw, Ralph. | |
| 245 | 1 | 0 |
_aPolice and human rights : _ba manual for teachers, resource persons, and participants in human rights programmes / _cby Ralph Crawshaw. |
| 264 |
_aLondon _bKluwer Law International _c1999 |
||
| 300 | _a291 p. ; | ||
| 500 | _aHuman rights | ||
| 504 | _aIncludes bibliographical references. | ||
| 650 | 0 | _aHuman rights. | |
| 650 | 0 | _aLaw enforcement. | |
| 650 | 0 | _aPolice power. | |
| 650 | 0 |
_aPolice _xHandbooks, manuals, etc. |
|
| 942 |
_2lcc _cBK _h3240.4 _iCRA _kK |
||